[Event "ESP-ch U18"]
[Site "Salobrena"]
[Date "2023.07.31"]
[Round "1"]
[White "Bonet Herbera, Isabel"]
[Black "Vesga Izeta, Markel"]
[Result "0-1"]
[WhiteElo "1756"]
[BlackElo "2183"]
[PlyCount "76"]
[EventDate "2023.07.31"]
[EventType "swiss"]
[EventRounds "9"]
[EventCountry "ESP"]
[SourceTitle "CBM 215 Extra"]
[Source "ChessBase"]
[SourceDate "2023.09.30"]
[SourceVersion "1"]
[SourceVersionDate "2023.09.30"]
[SourceQuality "1"]

1. e4 c5 2. Nf3 Nc6 3. d4 cxd4 4. Nxd4 g6 5. c4 Nf6 6. Nc3 d6 7. Be2 Nxd4 8. Qxd4 Bg7 9. Be3 0-0 10. Qd2 a5 11. Rd1 Be6 12. f3 a4 13. Nb5 Nd7 14. 0-0 Qa5 15. Bg5 f6 16. Be3 Rfc8 17. Rc1 Qxd2 18. Bxd2 f5 19. exf5 gxf5 20. Rc2 d5 21. Rfc1 d4 22. Bf4 Bf7 23. Bd3 Bg6 24. Re2 e5 25. Bd2 Nc5 26. Bb1 Ra6 27. Rce1 e4 28. Bf4 e3 29. Rd1 Ne6 30. Bg3 f4 31. Bxg6 hxg6 32. Be1 Rxc4 33. Na3 Rc8 34. Nc2 Rac6 35. Nb4 Rc1 36. Rxc1 Rxc1 37. g3 g5 38. Kf1 Nc5 0-1